000
00313nam a22001337a 4500
008
181217b xxu||||| |||| 00| 0 eng d
020
_a
9781308802435
041
_a
eng
080
_a
330
100
_a
58
101
_a
BIZ
245
_a
Introduction to Business Ethics BAET 20300
_c
Warnell,J.M
942
_2
udc
_c
BK
999
_c
53239
_d
53239